| 000 | 00524nam a2200157 i 4500 | ||
|---|---|---|---|
| 001 | 90089 | ||
| 003 | ES-MaACL | ||
| 005 | 20230906180338.0 | ||
| 007 | t| | ||
| 008 | 050118s1917 sp ||||1| spa d | ||
| 100 | 1 |
_aLecha-Marzo, Antonio. _971063 |
|
| 245 | 1 | 0 |
_aTratado de autopsias y embalsamientos _b: el diagnóstico médico-legal en el cadáver / _cpor Antonio Lecha-Marzo. |
| 260 |
_aMadrid : _bLos Progresos de la Clínica, _c1917. |
||
| 300 |
_aXVII, 454 p., 37 lám. : _bil. ; _c27 cm. |
||
| 852 |
_aES-MaACL _jE-1394 |
||
| 999 |
_c90089 _d90089 |
||